000 00671nam a2200241 i 4500
001 C2-0258747
003 PPAK
005 20180727225321.0
008 041007s2003 enka|||| ||||| | eng d
020 _a0199109141
040 _aPPAK
_beng
_cPPAK
_erda
082 0 4 _a503
_223
090 0 0 _a503
_bOXF
_dRK
245 0 0 _aOxford first science dictionary
264 1 _aOxford :
_bOxford University Press ,
_c2003
300 _a64 pages :
_bcolour illustrations ;
_c25 cm
336 _2rdacontent
_atext
337 _2rdamedia
_aunmediated
338 _2rdacarrier
_avolume
650 1 0 _aScience - Dictionaries
700 1 _aPeacock, Graham,
_ecompile
942 _ddc
_cB
999 _c70300
_d70300